000 00538nam a2200181Ia 4500
008 090201s9999 xx 000 0 und d
010 _aKPL-68442
040 _bमराठी
041 _aमराठी
082 _a46918
_b68442
100 _a उत्तरा मोने
245 _aकृतार्थ
_c उत्तरा मोने
250 _a1
260 _c2003
_bआविष्कार पब्लिकेशन
300 _a152
_bमोठा
600 _aकृतार्थ
942 _cBOOK
999 _c243672
_d243672